| 000 -CABECERA |
| Longitud fija campo de control |
00913nam a2200241 a 4500 |
| 001 - NÚMERO DE CONTROL |
| Número de control |
4590 |
| 003 - IDENTIFICADOR DEL NÚMERO DE CONTROL |
| Identificador del número de control |
CDMR |
| 005 - FECHA Y HORA DE LA ÚLTIMA TRANSACCIÓN |
| Fecha y hora de la última transacción |
20151016131202.0 |
| 008 - CÓDIGOS DE INFORMACIÓN DE LONGITUD FIJA |
| Códigos de información de longitud fija |
130130s1932||||||||||||||||||||||||||||d |
| 040 ## - FUENTE DE LA CATALOGACIÓN |
| Centro catalogador de origen |
CDMR |
| Lengua de catalogación |
cat |
| Centro transcriptor |
CDMR |
| 130 0# - PUNTO DE ACCESO PRINCIPAL-TÍTULO UNIFORME |
| 9 (RLIN) |
4565 |
| Título uniforme |
Full oficial del dilluns de Barcelona (1931) |
| 245 10 - MENCIÓN DE TÍTULO |
| Título |
Full Oficial del Dilluns de Barcelona |
| 260 ## - PUBLICACIÓN, DISTRIBUCIÓN, ETC. (PIE DE IMPRENTA) |
| Lugar de publicación, distribución, etc. |
Barcelona |
| Fecha de publicación, distribución, etc. |
1931-1939 |
| Nombre del editor, distribuidor, etc. |
Casa de Caritat |
| 300 ## - DESCRIPCIÓN FÍSICA |
| Extensión |
v. |
| Otras características físicas |
il. |
| Dimensiones |
61 x 39 cm |
| 310 ## - PERIODICIDAD ACTUAL |
| Periodicidad actual |
setmanal |
| 362 0# - FECHAS DE PUBLICACIÓN Y/O DESIGNACIÓN SECUENCIAL |
| Fecha de publicación y/o designación secuencial |
[1931-1939] |
| 546 ## - NOTA DE LENGUA |
| Nota de lengua |
Text en castellà i català |
| 650 ## - PUNTO DE ACCESO ADICIONAL DE MATERIA - TÉRMINO DE MATERIA |
| 9 (RLIN) |
4533 |
| Término de materia o nombre geográfico como elemento inicial |
Associacions de periodistes |
| Subdivisión cronológica |
1931 - 1939 |
| Subdivisión geográfica |
Barcelona |
| 780 00 - ENLACE A UN TÍTULO ANTERIOR |
| Encabezamiento principal |
Hoja del Lunes (Barcelona, 1926) |
| Número Internacional Normalizado para Publicaciones Seriadas (ISSN) |
9969-4719 |
| 710 2# - PUNTO DE ACCESO ADICIONAL - NOMBRE DE ENTIDAD |
| 9 (RLIN) |
4566 |
| Nombre de entidad o nombre de jurisdicción como elemento inicial |
Casa Provincial de Caridad de Barcelona |
| 856 ## - LOCALIZACIÓN Y ACCESO ELECTRÓNICO |
| Identificador Uniforme del Recurso (URI) |
<a href="http://prensahistorica.mcu.es/es/consulta/registro.cmd?control=BVPH20140001002&formato=ficha_comprende">http://prensahistorica.mcu.es/es/consulta/registro.cmd?control=BVPH20140001002&formato=ficha_comprende</a> |
| Texto del enlace |
Disponible en línia (Biblioteca Virtual de Prensa Histórica) |
| 942 ## - ENTRADA DE ELEMENTOS AGREGADOS (KOHA) |
| Koha [por defecto] tipo de item |
Publicacions periòdiques |
| Fuente de clasificaión o esquema |
|